All FIFA World cup and UEFA champions league winners - Statistics

General Stats
  • This quiz has been taken 143 times
  • The average score is 35 of 63
Answer Stats
Hint Answer % Correct
Argentina (2022), Barcelona (2009, 2011, 2015) Lionel Messi
94%
Spain (2010), Barcelona (2006, 2009, 2011, 2015) Xavi
89%
Germany (2014), Bayern Munich (2013), Real Madrid (2016, 2017, 2018, 2022) Toni Kroos
84%
Spain (2010), Real Madrid (2014, 2016, 2017, 2018) Sergio Ramos
83%
Argentina (2022), Manchester City (2023) Julián Álvarez
82%
Spain (2010), Barcelona (2006, 2009, 2011, 2015) Andrés Iniesta
81%
Spain (2010), Manchester United (2008), Barcelona (2009, 2011, 2015) Gerard Piqué
81%
Germany (2014), Bayern Munich (2013, 2020) Manuel Neuer
81%
France (2018), Chelsea (2021) N'Golo Kanté
81%
Germany (2014), Bayern Munich (2013, 2020) Thomas Müller
81%
Argentina (2022), Real Madrid (2014) Ángel Di María
80%
Spain (2010), Real Madrid (2000, 2002, 2014) Iker Casillas
77%
Spain (2010), Liverpool (2005), Real Madrid (2014) Xabi alonso
77%
France (1998), Real Madrid (2002) Zinedine Zidane
75%
Germany (2014), Bayern Munich (2013) Philipp Lahm
74%
Brazil (2002), AC Milan (2007) Kaká
73%
France (2018), Bayern Munich (2020) Benjamin Pavard
72%
Spain (2010), Barcelona (2011) David Villa
72%
Spain (2010), Barcelona (2006, 2009, 2011) Carles Puyol
71%
Spain (2010), Chelsea (2012) Fernando Torres
71%
Spain (2010), Barcelona (2009, 2011, 2015) Sergio Busquets
70%
Brazil (2002), Barcelona (2006) Ronaldinho
69%
Brazil (1994, 2002), AC Milan (2007) Cafu
68%
Spain (2010), Barcelona (2009, 2011) Pedro
67%
France (2018), Real Madrid (2014, 2016, 2017, 2018) Raphaël Varane
67%
France (1998), Barcelona (2009) Thierry Henry
66%
France (2018), Bayern Munich (2020) Lucas Hernández
64%
Spain (2010), Barcelona (2006, 2009, 2011) Víctor Valdés
64%
Brazil (2002), AC Milan (2003) Rivaldo
63%
Italy (2006), AC Milan (2003, 2007) Andrea Pirlo
62%
Germany (2014), Real Madrid (2014) Sami Khedira
62%
France (2018), Chelsea (2021) Olivier Giroud
61%
Brazil (2002), Real Madrid (1998, 2000, 2002) Roberto Carlos
61%
Germany (2014), Bayern Munich (2013) Bastian Schweinsteiger
58%
Italy (2006), Juventus (1996) Alessandro Del Piero
57%
Spain (2010), Bayern Munich (2013) Javi Martínez
56%
Brazil (2002), AC Milan (2003, 2007) Dida
54%
Germany (2014), Bayern Munich (2013, 2020) Jérôme Boateng
54%
Spain (2010), Chelsea (2012) Juan Mata
52%
Italy (2006), AC Milan (2003, 2007) Alessandro Nesta
50%
France (1998), Marseille (1993), AC Milan (1994) Marcel Desailly
50%
France (1998), Marseille (1993), Juventus (1996) Didier Deschamps
48%
Italy (2006), AC Milan (2003, 2007) Filippo Inzaghi
47%
Italy (2006), AC Milan (2003, 2007) Gennaro Gattuso
46%
France (2018), Bayern Munich (2020) Corentin Tolisso
45%
Brazil (2002), Inter Milan (2010) Lúcio
44%
Italy (2006), Inter Milan (2010) Marco Materazzi
42%
Spain (2010), Real Madrid (2014, 2016) Álvaro Arbeloa
39%
Germany (1990), Marseille (1993) Rudi Völler
39%
France (1998), Bayern Munich (2001) Bixente Lizarazu
35%
France (1998), Marseille (1993) Fabien Barthez
31%
Italy (2006), AC Milan (2007) Alberto Gilardino
22%
Italy (2006), AC Milan (2007) Massimo Oddo
22%
Brazil (2002), Barcelona (2006) Juliano Belletti
21%
Brazil (2002), Barcelona (2006) Edmílson
20%
Germany (1990), Dortmund (1997) Jürgen Kohler
20%
France (1998), Real Madrid (1998, 2000) Christian Karembeu
19%
Germany (1990), Real Madrid (1998, 2000) Bodo Illgner
18%
Germany (1990), Dortmund (1997) Andreas Möller
17%
Germany (1990), Dortmund (1997) Karl-Heinz Riedle
17%
Brazil (2002), AC Milan (2003) Roque Júnior
14%
Brazil (1994), Bayern Munich (2001) Paulo Sérgio
12%
Germany (1990), Dortmund (1997) Stefan Reuter
8%
No matching quizzes found
Score Distribution
Percent of People with Each Score
Percentile by Number Answered
Your Score History
You have not taken this quiz